Click A Movie, Initially - Animated Movies III Quiz Stats

Quiz Updated Aug 15, 2017

Score 0/20 Timer 05:00
227 Plays Today
% Correct
Monsters, Inc.
92%
Dumbo
92%
Kung Fu Panda
91.3%
Brave
91.2%
The Little Mermaid
90.3%
Happy Feet
88.1%
The Good Dinosaur
85.2%
The Princess And The Frog
84.6%
Mulan
83.2%
The Aristocats
81.7%
% Correct
Rio
78.3%
Penguins Of Madagascar
78.3%
Antz
70.9%
Open Season
69%
Alice In Wonderland
67.6%
Home On The Range
64.4%
Home
62.7%
The Book Of Life
58.6%
Treasure Planet
57%
Princess Mononoke
54.7%

You're not logged in!

Compare scores with friends on all Sporcle quizzes.
Sign Up with Email
OR
Log In

Show Comments

Extras

Top Quizzes Today


Score Distribution

Your Account Isn't Verified!

In order to create a playlist on Sporcle, you need to verify the email address you used during registration. Go to your Sporcle Settings to finish the process.